Jahrbuch für Extremismus- und Terrorismusforschung ... / 2021/2023, 2 / Hendrik Hansen/Armin Pfahl-Traughber (Hrsg.)

Gespeichert in:  
Bibliographische Detailangaben
Beteiligte: Hansen, Hendrik 1966- (Herausgegeben von) ; Pfahl-Traughber, Armin 1963- (Herausgegeben von)
Medienart: Druck Buch
Sprache:Deutsch
Veröffentlicht: Brühl/Rheinland Hochschule des Bundes für Öffentliche Verwaltung 2024
In: Jahrbuch für Extremismus- und Terrorismusforschung ...
Jahr: 2024
Bestand in Tübingen:In Tübingen vorhanden.
UB: KB 21 A 4236-2
Verfügbarkeit prüfen: HBZ Gateway
Subito Bestelldienst: Jetzt bestellen.
Schlagwörter:
Parallele Ausgabe:Elektronisch

MARC

LEADER 00000cam a2200000 cc4500
001 1891312618
003 DE-627
005 20260424095114.0
007 tu
008 240614s2024 gw ||||| 00| ||ger c
020 |a 9783967440096  |9 978-3-96744-009-6 
035 |a (DE-627)1891312618 
035 |a (DE-599)KXP1891312618 
035 |a (OCoLC)1440043524 
040 |a DE-627  |b ger  |c DE-627  |e rda 
041 |a ger 
044 |c XA-DE-NW 
084 |a 2,1  |2 ssgn 
245 0 0 |a Jahrbuch für Extremismus- und Terrorismusforschung ...  |n 2021/2023, 2 / Hendrik Hansen/Armin Pfahl-Traughber (Hrsg.) 
264 1 |a Brühl/Rheinland  |b Hochschule des Bundes für Öffentliche Verwaltung  |c 2024 
300 |a 378 Seiten  |b Diagramme 
336 |a Text  |b txt  |2 rdacontent 
337 |a ohne Hilfsmittel zu benutzen  |b n  |2 rdamedia 
338 |a Band  |b nc  |2 rdacarrier 
490 1 |a Schriften zur Extremismus- und Terrorismusforschung  |v 18 
583 1 |a Archivierung/Langzeitarchivierung gewährleistet  |f FID  |x XA-DE-BW  |2 pdager  |5 DE-21 
655 7 |a Aufsatzsammlung  |0 (DE-588)4143413-4  |0 (DE-627)105605727  |0 (DE-576)209726091  |2 gnd-content 
689 0 0 |d s  |0 (DE-588)4048829-9  |0 (DE-627)104325372  |0 (DE-576)209079428  |a Rechtsradikalismus  |2 gnd 
689 0 1 |d s  |0 (DE-588)4136650-5  |0 (DE-627)105655929  |0 (DE-576)209670983  |a Linksradikalismus  |2 gnd 
689 0 2 |d s  |0 (DE-588)4059534-1  |0 (DE-627)106143212  |0 (DE-576)209131136  |a Terrorismus  |2 gnd 
689 0 3 |d s  |0 (DE-588)4027743-4  |0 (DE-627)106283499  |0 (DE-576)20897220X  |a Islam  |2 gnd 
689 0 4 |d s  |0 (DE-588)4137178-1  |0 (DE-627)104458224  |0 (DE-576)209675438  |a Fundamentalismus  |2 gnd 
689 0 5 |d s  |0 (DE-588)1023334607  |0 (DE-627)718359860  |0 (DE-576)366661965  |a Identitätspolitik  |2 gnd 
689 0 |5 (DE-627) 
700 1 |a Hansen, Hendrik  |d 1966-  |e HerausgeberIn  |0 (DE-588)113988443  |0 (DE-627)612688186  |0 (DE-576)312677545  |4 edt 
700 1 |a Pfahl-Traughber, Armin  |d 1963-  |e HerausgeberIn  |0 (DE-588)113340567  |0 (DE-627)561346119  |0 (DE-576)170020207  |4 edt 
773 1 8 |a Jahrbuch für Extremismus- und Terrorismusforschung ...  |w (DE-627)590281887  |w (DE-576)302522379  |w (DE-600)2475253-8  |g 2021/2023, 2  |q 2021,2  |7 nnas 
776 0 8 |i Erscheint auch als  |n Online-Ausgabe  |t Jahrbuch für Extremismus- und Terrorismusforschung 2021-2023 (II)  |d Brühl : Hochschule des Bundes für öffentliche Verwaltung, 2024  |h 1 Online-Ressource (378 Seiten)  |w (DE-627)1920012710  |z 9783967440096  |k Electronic 
830 0 |a Schriften zur Extremismus- und Terrorismusforschung  |v 18  |9 18  |w (DE-627)562607587  |w (DE-576)279329113  |w (DE-600)2422831-X  |7 am 
935 |a rexa 
951 |a MV 
ELC |b 1 
LOK |0 000 xxxxxcx a22 zn 4500 
LOK |0 001 464830635X 
LOK |0 003 DE-627 
LOK |0 004 1891312618 
LOK |0 005 20250109154554 
LOK |0 008 250109||||||||||||||||ger||||||| 
LOK |0 040   |a DE-21  |c DE-627  |d DE-21 
LOK |0 852   |a DE-21 
LOK |0 852 1  |c KB 21 A 4236-2  |9 00 
LOK |0 935   |a krim 
LOK |0 938   |a 2501  |f 34 
LOK |0 939   |a 2025-01-09  |b l01 
ORI |a WA-MARC-krimdoka001.raw 
SIG |a UB: KB 21 A 4236-2